000
00265nam a2200109Ia 4500
008
200302s9999 xx 000 0 und d
100
_a
Author
245
_a
Architecture Of Kris Yao / Artech
260
_b
Images Publishing, Austraila
260
_c
2011
300
_a
587
999
_c
4560
_d
4560